书目信息 |
| 题名: |
超微电极电化学
|
|
| 作者: | 张祖训 著 | |
| 分册: | ||
| 出版信息: | 北京 科学出版社 1998 |
|
| 页数: | 416 | |
| 开本: | 20cm | |
| 丛书名: | ||
| 单 册: | ||
| 中图分类: | Q424 | |
| 科图分类: | ||
| 主题词: | 神经生理学 | |
| 电子资源: | ||
| ISBN: | 7-03-005987-5 | |
| 000 | 00512nam0 2200181 450 | |
| 001 | 0754114953 | |
| 005 | 20070929150154.95 | |
| 010 | @a7-03-005987-5@b精装 | |
| 100 | @a20070929d km y0chiy0120 ea | |
| 101 | 0 | @achi |
| 200 | 1 | @a超微电极电化学@Achao wei dian ji dian hua xue@f张祖训 著@Fzhang zu xun zhu |
| 210 | @a北京@c科学出版社@d1998 | |
| 215 | @a416@c插图@d20cm | |
| 606 | 0 | @a神经生理学 |
| 690 | @aQ424@v3 | |
| 701 | 0 | @a张祖训@Azhang zu xun@4著 |
| 801 | 0 | @aCN@bPFT@c20070929 |
| 905 | @a213230@dQ424@eh6@f1 | |
| 超微电极电化学/张祖训 著.-北京:科学出版社,1998 |
| 416:插图;20cm |
| ISBN 7-03-005987-5(精装): |
| ● |
| 相关链接 |
|
|
|
|
正题名:超微电极电化学
索取号:Q424/h6
 
预约/预借
| 序号 | 登录号 | 条形码 | 馆藏地/架位号 | 状态 | 备注 |
| 1 | 6000471 | 260004710 | 密集书库-化学系/ [索取号:Q424/h6] | 在馆 | |
| 2 | 6001167 | 260011677 | 密集书库-化学系/ [索取号:Q424/h6] | 在馆 | |
| 3 | 6001168 | 260011686 | 密集书库-化学系/ [索取号:Q424/h6] | 在馆 |